| 000 | 00729nam a2200205 i 4500 | ||
|---|---|---|---|
| 001 | 84673 | ||
| 003 | ES-MaACL | ||
| 007 | t| | ||
| 008 | 041123s1924 sp ||||1| spa d | ||
| 100 | 1 |
_aJansen, A. _966055 |
|
| 245 | 1 | 0 |
_aTratado práctico de las enfermedades del oído / _cpor A. Jansen y F. Kobrak ; traducido directamente del alemán por Alberto Fumagallo. |
| 260 |
_aBarcelona : _bLabor, _c1924. |
||
| 300 |
_aXI, 400 p. : _bil. ; _c24 cm. |
||
| 490 | 1 |
_aLas especialidades en la medicina práctica ; _v3 |
|
| 700 | 1 |
_aKobrak, F. _968392 |
|
| 700 | 1 |
_aFumagallo, Alberto. _953018 |
|
| 830 | 0 | 4 |
_aLas especialidades en la medicina práctica _v3 _9182799 |
| 852 |
_aES-MaACL _jC-6697 |
||
| 999 |
_c84673 _d84673 |
||